| Tag |
First Indicator |
Second Indicator |
Subfields |
| LEADER |
00000cam a2200000 4500 |
| 001 |
in00000212421 |
| 005 |
20151009054941.0 |
| 008 |
740808s1973 enk b 00100 eng |
| 010 |
|
|
|a 74176096
|
| 015 |
|
|
|a GB74-11539
|
| 019 |
|
|
|a 1010376
|
| 020 |
|
|
|a 0582550351
|c 2.50 ($7.50 U.S.)
|
| 035 |
|
|
|a (OCoLC)00971571
|
| 035 |
|
|
|9 AAW9454AM
|
| 040 |
|
|
|a DLC
|c DLC
|d TXA
|d UtOrBLW
|
| 049 |
|
|
|a TXAM
|c [1233311]
|
| 050 |
0 |
0 |
|a P151
|b .L47
|
| 082 |
0 |
|
|a 415
|
| 100 |
1 |
|
|a Liefrink, Frans.
|
| 245 |
1 |
0 |
|a Semantico-syntax.
|
| 264 |
|
1 |
|a London :
|b Longman,
|c 1973.
|
| 300 |
|
|
|a xi, 178 pages ;
|c 23 cm.
|
| 336 |
|
|
|a text
|b txt
|2 rdacontent
|
| 337 |
|
|
|a unmediated
|b n
|2 rdamedia
|
| 338 |
|
|
|a volume
|b nc
|2 rdacarrier
|
| 490 |
1 |
|
|a Longman linguistics library ;
|v 15
|
| 500 |
|
|
|a Includes index.
|
| 504 |
|
|
|a Bibliography: pages [171]-173.
|
| 650 |
|
0 |
|a Generative grammar.
|
| 650 |
|
0 |
|a Semantics.
|
| 650 |
|
0 |
|a Grammar, Comparative and general
|x Syntax.
|
| 830 |
|
0 |
|a Longman linguistics library ;
|v 15.
|
| 999 |
|
|
|a MARS
|
| 999 |
f |
f |
|s 4efd7ab1-c4a9-356b-87b6-86cef9ee2840
|i 7cac584b-e61d-3013-b2af-66e61a070ddf
|t 0
|
| 952 |
f |
f |
|p ric
|a Texas A&M University
|b Rellis Campus
|c Joint Library Facility
|d Remote Storage
|t 0
|e P151 .L47
|h Library of Congress classification
|i unmediated -- volume
|m A14803532388
|
| 998 |
f |
f |
|a P151 .L47
|t 0
|l Remote Storage
|